02175cam a2200169 450050000500170000004100080001704200070002510000250003270000330005724500590009026000180014950000070016752008510017452007770102578600910180285601120189320260419015412.0 afre adc10aMarco, Jorgeeauthor10aTouboul Tardieu, Evaeauthor00aUne histoire sociale de la résistance au franquisme c2015.  a80 aCet article expose notre approche de la résistance antifasciste en Espagne, marquée par l’histoire sociale, l’histoire culturelle, la sociologie historique et l’anthropologie. Nous avons élaboré deux catégories, la guérilla moderne et les « paysans en armes », qui permettent d’éclairer des aspects jusque-là restés dans l’ombre. Ces deux catégories ont été définies à l’issue d’une analyse en fonction de douze variables : la vocation des groupes (unificatrice ou indépendante) ; leur structure interne ; leur territoire et leur niveau d’action ; leur stratégie ; leur composition sociale ; l’origine des guérilleros ; l’expérience collective ; le type de cohésion interne ; la taille des groupes ; le type de discipline ; de propagande ; et les répertoires d’action. aThis article presents an approach to anti-fascist resistance in Spain from the perspective of social history, cultural history, historical sociology and anthropology. Two categories are developed, the modern guerrilla and the “armed peasants”, which shed light on many aspects that have hitherto remained unexamined. These categories were defined according to the analysis of twelve variables : the pro-unification or pro-independence stance of groups ; their internal structure ; their geographical scope and level of action ; their strategy ; their social composition ; where the guerrillas were from ; their collective experience ; the type of internal cohesion ; group size ; the types of discipline ; propaganda ; and repertoires of collective action.0 nVingtième Siècle. Revue d'histoire | 127 | 3 | 2015-08-24 | p. 211-229 | 0294-175941uhttps://shs.cairn.info/revue-vingtieme-siecle-revue-d-histoire-2015-3-page-211?lang=fr&redirect-ssocas=7080